| 000 | 00506nam a22001817a 4500 | ||
|---|---|---|---|
| 008 | 131111b xxu||||| |||| 00| 0 ger d | ||
| 020 | _a3714300406 | ||
| 041 | 0 | _ager | |
| 080 |
_a336.722.6 _x(=111)(038) |
||
| 245 | _aEnglish for Accountants : | ||
| 260 |
_aWien : _bLinde Verlag ; _c2005. |
||
| 300 |
_a144 f. : _c18 cm. |
||
| 500 | _aVorwort :n f. 5 | ||
| 650 | 0 |
_aFinanca _xFjalor |
|
| 700 | 1 | _aGrünberger, David | |
| 700 | 1 | _aGrünberger, Herbert | |
| 942 |
_2udc _cBK |
||
| 999 |
_c268 _d268 |
||